Päijät-Hämeen naapurikunnat - Statistics

Yleistilastot
  • Tätä visaa on pelattu 9 kertaa
  • Keskiarvotulos 8 / 13
Vastaustilastot
Kunta % Oikein
Hämeenlinna
100%
Mäntsälä
100%
Kangasala
80%
Kouvola
80%
Kuhmoinen
80%
Myrskylä
60%
Hausjärvi
40%
Joutsa
40%
Lapinjärvi
40%
Luhanka
40%
Pälkäne
40%
Pukkila
40%
Mäntyharju
20%
Ehtoja vastaavia visoja ei löytynyt
Tulosjakauma
Jokaisen tuloksen saaneiden osuus
Persentiili vastausten määrän mukaan
Tuloshistoriasi
Et ole pelannut tätä visaa